[Event "Ct. Catalunya juvenil"]
[Site "?"]
[Date "2011.04.23"]
[Round "7"]
[White "Ezquerro Luque, A."]
[Black "Montiel Baeza, A."]
[Result "1/2-1/2"]
[WhiteElo "2055"]
[BlackElo "1908"]
[PlyCount "172"]
[EventDate "2011.??.??"]
[EventType "swiss"]
[EventRounds "8"]

1. e4 e6 2. d4 d5 3. Nd2 c5 4. Ngf3 Nf6 5. e5 Nfd7 6. c3 Nc6 7. Bd3 Qb6 8. O-O
cxd4 9. cxd4 Nxd4 10. Nxd4 Qxd4 11. Nf3 Qb6 12. Qa4 Qb4 13. Qc2 Nb6 14. Bd2 Qc5
15. Qxc5 Bxc5 16. Rac1 Nd7 17. Bb5 Bb6 18. Bb4 a6 19. Ba4 Bd8 20. Rc2 b5 21.
Rfc1 Nb6 22. Ba5 Bd7 23. Bb3 O-O 24. Bb4 Re8 25. Bd6 Nc8 26. Bc7 Na7 27. Kf1
Bxc7 28. Rxc7 Rec8 29. Nd4 Kf8 30. Ke2 Ke8 31. Kd3 Kd8 32. R7c3 Rxc3+ 33. Rxc3
Rc8 34. Bc2 h6 35. f4 Rxc3+ 36. Kxc3 Kc7 37. b4 Nc6 38. g4 f6 39. Nxc6 Kxc6 40.
Kd4 f5 41. gxf5 exf5 42. h4 g6 43. Bd1 Be8 44. Bf3 Bf7 45. e6 Bxe6 46. Ke5 Bf7
47. Kf6 Be8 48. Ke6 Bd7+ 49. Ke5 Be8 50. Bxd5+ Kd7 51. Kf6 Kd6 52. Bb7 a5 53.
a3 axb4 54. axb4 Kc7 55. Bf3 Kd7 56. Bd5 Kd6 57. Bf3 Kd7 58. Bd5 g5 59. hxg5
hxg5 60. fxg5 f4 61. Be6+ Kd6 62. Bh3 Kd5 63. Bf1 Kd4 64. Ke7 Bg6 65. Bxb5 Kc3
66. Be2 Kxb4 67. Kf6 Be4 68. Ke5 f3 69. Bf1 Bc2 70. Kf4 f2 71. Ke3 Kc5 72. Kxf2
Kd6 73. Kg3 Ke7 74. Kf4 Kf7 75. Bb5 Kg7 76. Bd7 Bb1 77. Bc6 Bc2 78. Be4 Bxe4
79. Kxe4 Kg6 80. Kf4 Kg7 81. Kf5 Kf7 82. g6+ Kg7 83. Kg5 Kg8 84. Kf6 Kf8 85.
g7+ Kg8 86. Ke7 Kxg7 1/2-1/2

[Event "Ct. Catalunya juvenil"]
[Site "?"]
[Date "2011.04.23"]
[Round "7"]
[White "Fernandez Soriano, R."]
[Black "Boldu Soto, R."]
[Result "1-0"]
[WhiteElo "2080"]
[BlackElo "1961"]
[PlyCount "99"]
[EventDate "2011.??.??"]
[EventType "swiss"]
[EventRounds "8"]

1. c4 e6 2. d4 d5 3. Nf3 Nf6 4. Qc2 Nbd7 5. g3 c6 6. Bg2 Bd6 7. O-O O-O 8. Nbd2
Re8 9. e4 Nxe4 10. Nxe4 dxe4 11. Qxe4 Nf6 12. Qc2 Qc7 13. Bg5 h6 14. Bxf6 gxf6
15. Rad1 Bf8 16. Rfe1 b6 17. a3 a5 18. c5 b5 19. Nd2 f5 20. Nf3 a4 21. Ne5 Bd7
22. Qe2 Re7 23. Qf3 Rc8 24. g4 Bg7 25. gxf5 exf5 26. Bh3 Rce8 27. Qc3 Be6 28.
f4 Bf6 29. Re3 Kh7 30. Rg3 Rg8 31. Qf3 Ree8 32. Nxc6 Bb3 33. Bxf5+ Kh8 34. Rc1
Rxg3+ 35. hxg3 Rg8 36. Kh2 Kg7 37. Re1 Rc8 38. Ne5 Rd8 39. Nc6 Rh8 40. d5 Bxb2
41. d6 Qb7 42. Re7 Qa8 43. Qg4+ Kf6 44. Be4 Rg8 45. Qf5+ Kg7 46. Qh7+ Kf8 47.
d7 Rg7 48. Qh8+ Rg8 49. Qxb2 Qxc6 50. Re8# 1-0

[Event "Ct. Catalunya juvenil"]
[Site "?"]
[Date "2011.04.23"]
[Round "7"]
[White "Frances Cuscullola, O."]
[Black "Solani Nuñez, J."]
[Result "1-0"]
[WhiteElo "2077"]
[BlackElo "1886"]
[PlyCount "183"]
[EventDate "2011.??.??"]
[EventType "swiss"]
[EventRounds "8"]

1. a3 a6 2. c3 d5 3. d4 Nf6 4. Nf3 Bg4 5. Bf4 e6 6. Nbd2 Nbd7 7. h3 Bh5 8. e3
h6 9. Bd3 Bxf3 10. Qxf3 c5 11. O-O Be7 12. Rab1 O-O 13. g4 Nh7 14. e4 dxe4 15.
Nxe4 cxd4 16. cxd4 Ndf6 17. Nxf6+ Nxf6 18. Rbd1 Qd5 19. Qg3 Rfd8 20. Rfe1 Bd6
21. Be5 Nh7 22. Be4 Bxe5 23. Bxh7+ Kxh7 24. Rxe5 Qc6 25. Qd3+ Kg8 26. d5 Qd6
27. Qd4 Rd7 28. g5 hxg5 29. Rxg5 f5 30. Re1 Rf8 31. Re5 Qc7 32. Rg6 exd5 33.
Rxd5 Rdf7 34. Rc5 Qe7 35. Re5 Qc7 36. Qc5 Qd8 37. Qd5 Qc8 38. Qd4 Qc7 39. Rge6
Qc1+ 40. Kg2 Qg5+ 41. Kh2 Kh7 42. Rb6 Rf6 43. h4 Rh6 44. Rxh6+ Qxh6 45. Re7 b5
46. Kh3 f4 47. Qe4+ Kh8 48. Re6 Qh5 49. Rxa6 Qd1 50. Rg6 f3 51. Qe5 Qf1+ 52.
Kg4 Qc4+ 53. Kg5 Qf7 54. Rh6+ Kg8 55. Rd6 Kh7 56. h5 Qc4 57. Rd7 Qc1+ 58. Kg4
Qg1+ 59. Qg3 Qc1 60. h6 Qc4+ 61. Kh3 Qe6+ 62. Qg4 Qxh6+ 63. Qh4 Rc8 64. Rd2 Rc5
65. Qxh6+ Kxh6 66. Kg4 Kg6 67. Kxf3 Kf5 68. Ke3 Ke5 69. f4+ Kf5 70. Rg2 Kf6 71.
Kd3 g6 72. b3 Rh5 73. Rg3 Kf5 74. Rg5+ Kxf4 75. Rxg6 Rh3+ 76. Kc2 Rh5 77. Re6
Rh3 78. Rb6 Ke4 79. Rxb5 Kd4 80. a4 Rh2+ 81. Kb1 Kc3 82. a5 Rh6 83. Rb6 Rh5 84.
a6 Ra5 85. b4 Ra4 86. b5 Rb4+ 87. Ka2 Ra4+ 88. Kb1 Rb4+ 89. Kc1 Rh4 90. Rc6+
Kb4 91. a7 Kxb5 92. a8=Q 1-0

[Event "Ct. Catalunya juvenil"]
[Site "?"]
[Date "2011.04.23"]
[Round "7"]
[White "Gotes Perez, J."]
[Black "Sabria Batlle, P."]
[Result "0-1"]
[WhiteElo "1790"]
[BlackElo "2211"]
[PlyCount "66"]
[EventDate "2011.??.??"]
[EventType "swiss"]
[EventRounds "8"]

1. e4 c5 2. Nc3 a6 3. g3 b5 4. Bg2 Bb7 5. d3 e6 6. Nf3 d6 7. O-O Nd7 8. Re1
Ngf6 9. Nd2 Qc7 10. Nb3 Be7 11. Be3 O-O 12. f4 Rac8 13. Rc1 Nb6 14. Bf2 b4 15.
Nb1 Nfd7 16. c3 bxc3 17. Nxc3 Qb8 18. Qe2 Rfe8 19. Qf1 d5 20. e5 c4 21. Nd2
cxd3 22. Qxd3 Nc5 23. Qb1 a5 24. Bd4 Ba6 25. Bf1 Nc4 26. Nxc4 dxc4 27. Ne4 Nd3
28. Bxd3 cxd3 29. Be3 Qb7 30. Nf2 Qd5 31. Red1 Bb7 32. Kf1 Qg2+ 33. Ke1 Bb4+
0-1

[Event "Ct. Catalunya juvenil"]
[Site "?"]
[Date "2011.04.23"]
[Round "7"]
[White "Julian Ortin, EM."]
[Black "Fernandez Aguilar, F."]
[Result "0-1"]
[WhiteElo "1745"]
[BlackElo "1924"]
[PlyCount "84"]
[EventDate "2011.??.??"]
[EventType "swiss"]
[EventRounds "8"]

1. d4 Nf6 2. c4 c5 3. d5 b5 4. Qc2 d6 5. e4 bxc4 6. Bxc4 g6 7. f4 Bg7 8. Nf3
O-O 9. O-O Ba6 10. Bd2 Qb6 11. Na3 Ne8 12. Bc3 Nc7 13. Bxg7 Kxg7 14. Rad1 Nb5
15. Nxb5 Bxb5 16. b3 Bd7 17. h3 Na6 18. g4 Nb4 19. Qc3+ Kg8 20. a3 Na6 21. e5
Bb5 22. g5 Rfb8 23. Rb1 Nc7 24. Rfd1 Ne8 25. Nh2 Bxc4 26. Qxc4 Ng7 27. Ng4 Nf5
28. Nh6+ Nxh6 29. gxh6 Qd8 30. f5 dxe5 31. fxg6 fxg6 32. d6+ Kh8 33. Qe6 exd6
34. Rxd6 Qg5+ 35. Kh1 Re8 36. Qd5 Qxh6 37. Rd1 Qxh3+ 38. Kg1 Rab8 39. Rd3 Qg4+
40. Kh2 Qf4+ 41. Kg2 Rf8 42. Rd8 Qg5+ 0-1

[Event "Ct. Catalunya juvenil"]
[Site "?"]
[Date "2011.04.23"]
[Round "7"]
[White "Moreno Martin, D."]
[Black "Arno Bendicho, A."]
[Result "1-0"]
[WhiteElo "2171"]
[BlackElo "1908"]
[PlyCount "101"]
[EventDate "2011.??.??"]
[EventType "swiss"]
[EventRounds "8"]

1. e4 c5 2. Nf3 Nc6 3. d4 cxd4 4. Nxd4 g6 5. Nc3 Bg7 6. Be3 Nf6 7. Bc4 O-O 8.
Bb3 d6 9. h3 a6 10. O-O Bd7 11. Qd2 Na5 12. f3 Nxb3 13. Nxb3 Re8 14. a4 b6 15.
Qf2 Rb8 16. Rfd1 Qc7 17. g4 Be6 18. Nd4 Nd7 19. f4 Nc5 20. f5 Bc8 21. b4 Nd7
22. Nd5 Qb7 23. Rf1 Ne5 24. b5 a5 25. fxg6 fxg6 26. Nc6 Be6 27. Nxb8 Rxb8 28.
Rad1 Bxd5 29. exd5 Qc7 30. Bd4 Rf8 31. Qe2 Rxf1+ 32. Rxf1 Qc4 33. Qxc4 Nxc4 34.
Bxg7 Kxg7 35. Rf3 h6 36. Rc3 Nb2 37. Ra3 Nc4 38. Rd3 Kf6 39. Rc3 Nb2 40. Rf3+
Kg5 41. Kg2 h5 42. gxh5 gxh5 43. Ra3 Nc4 44. Rd3 h4 45. Kf2 Ne5 46. Rc3 Nd7 47.
Rc4 Nc5 48. Rg4+ Kh5 49. Ke3 e6 50. Kd4 exd5 51. Kxd5 1-0

[Event "Ct. Catalunya juvenil"]
[Site "?"]
[Date "2011.04.23"]
[Round "7"]
[White "Muñoz Muñoz, R."]
[Black "Cano Egea, JM."]
[Result "1/2-1/2"]
[WhiteElo "1768"]
[BlackElo "1440"]
[PlyCount "70"]
[EventDate "2011.??.??"]
[EventType "swiss"]
[EventRounds "8"]

1. e4 e5 2. Nf3 Nc6 3. d4 exd4 4. Nxd4 Nxd4 5. Qxd4 d6 6. Nc3 Nf6 7. Bc4 Be7 8.
Nd5 O-O 9. Nxe7+ Qxe7 10. f3 d5 11. Bd3 dxe4 12. Bxe4 Nxe4 13. Qxe4 Qxe4+ 14.
fxe4 Re8 15. O-O Rxe4 16. Bf4 Be6 17. Rad1 Re2 18. Rf2 Rxf2 19. Kxf2 c6 20. a3
Kf8 21. Be3 Ke8 22. b3 b6 23. Rd6 c5 24. h3 Rd8 25. Rxd8+ Kxd8 26. Bf4 h5 27.
Ke3 Kd7 28. Ke4 g6 29. Ke5 Kc6 30. b4 cxb4 31. axb4 Kb5 32. c3 a5 33. bxa5 bxa5
34. Kd4 Kc6 35. c4 Bf5 1/2-1/2

[Event "Ct. Catalunya juvenil"]
[Site "?"]
[Date "2011.04.23"]
[Round "7"]
[White "Palomo Teruel, X."]
[Black "Martin Perez, L."]
[Result "1/2-1/2"]
[WhiteElo "2052"]
[BlackElo "1856"]
[PlyCount "140"]
[EventDate "2011.??.??"]
[EventType "swiss"]
[EventRounds "8"]

1. d4 Nf6 2. c4 c5 3. d5 b5 4. f3 bxc4 5. e4 d6 6. Ne2 g6 7. Na3 Bg7 8. Nc3 O-O
9. Bxc4 Nbd7 10. O-O Nb6 11. Be2 Nfd7 12. Re1 Bb7 13. f4 a6 14. Bf3 Qc7 15.
Nab1 c4 16. Be3 Nc5 17. Bxc5 Qxc5+ 18. Kh1 e6 19. dxe6 fxe6 20. g3 Rae8 21. Nd2
d5 22. e5 Qe7 23. Rc1 g5 24. Ne2 Qb4 25. b3 cxb3 26. Qxb3 Qxb3 27. Nxb3 Nc4 28.
Nc5 Bc8 29. Bh5 Re7 30. Nd3 gxf4 31. gxf4 a5 32. Nd4 Bh6 33. Rg1+ Kh8 34. Rg4
Rg7 35. Rxg7 Bxg7 36. Bg4 Bh6 37. Bxe6 Bxe6 38. Nxe6 Re8 39. Nc7 Rd8 40. Rb1
Ne3 41. e6 Bf8 42. Ne5 Kg7 43. Rb7 Kf6 44. Nd7+ Ke7 45. Ne5 Kf6 46. Nd7+ Ke7
47. Ra7 d4 48. Nxf8 Rxf8 49. Nb5+ Kxe6 50. Nxd4+ Kd5 51. Ne2 Ke4 52. Rxa5 Kf3
53. Nd4+ Kf2 54. Rb5 Rxf4 55. Rb2+ Kf1 56. Rb1+ Kf2 57. Rb2+ Kf1 58. Nc2 Nxc2
59. Rxc2 Ra4 60. h3 h5 61. Kh2 h4 62. Rb2 Rc4 63. a3 Ra4 64. Ra2 Ke1 65. Kg2
Kd1 66. Kf2 Kc1 67. Kf3 Kb1 68. Re2 Rxa3+ 69. Re3 Rxe3+ 70. Kxe3 Kc1 1/2-1/2

[Event "Ct. Catalunya juvenil"]
[Site "?"]
[Date "2011.04.23"]
[Round "7"]
[White "Panella Navarro, S."]
[Black "Rojano Alfonso, C."]
[Result "1-0"]
[WhiteElo "2088"]
[BlackElo "2011"]
[PlyCount "75"]
[EventDate "2011.??.??"]
[EventType "swiss"]
[EventRounds "8"]

1. e4 e5 2. d4 exd4 3. Qxd4 Nc6 4. Qe3 Nf6 5. Nc3 Bb4 6. Bd2 O-O 7. O-O-O Re8
8. Qg3 Rxe4 9. Bd3 Rg4 10. Qh3 d6 11. f3 Rd4 12. Bf5 Bxf5 13. Qxf5 Qd7 14. Qxd7
Nxd7 15. Nge2 Rh4 16. g4 Bc5 17. h3 f6 18. Nf4 g5 19. Nh5 Nce5 20. Be1 Be3+ 21.
Kb1 Rxh5 22. gxh5 Nxf3 23. Rd3 Nxe1 24. Rxe3 Ng2 25. Re7 Nc5 26. Nd5 Rf8 27.
Rxc7 Nh4 28. Re1 Rf7 29. Rxf7 Kxf7 30. Re7+ Kf8 31. b4 Na6 32. Rxb7 f5 33. Rxa7
Nb8 34. Ra8 Kf7 35. Rxb8 f4 36. c4 Ng2 37. Kc2 f3 38. Kd3 1-0

[Event "Ct. Catalunya juvenil"]
[Site "?"]
[Date "2011.04.23"]
[Round "7"]
[White "Rodriguez Adell, A."]
[Black "Fernandez Diaz, C."]
[Result "1/2-1/2"]
[WhiteElo "2006"]
[BlackElo "2052"]
[PlyCount "76"]
[EventDate "2011.??.??"]
[EventType "swiss"]
[EventRounds "8"]

1. d4 Nf6 2. c4 g6 3. Nc3 Bg7 4. g3 O-O 5. Bg2 d6 6. Nf3 Nc6 7. O-O a6 8. b3
Rb8 9. Bb2 b5 10. cxb5 axb5 11. Qc2 Bd7 12. Rac1 Nb4 13. Qd2 c6 14. Ne1 Nbd5
15. Nxd5 cxd5 16. Nd3 Ne4 17. Qe3 f5 18. Nb4 e6 19. f3 Qg5 20. Qd3 Nc5 21. dxc5
Bxb2 22. Rc2 Ba3 23. Na6 Ra8 24. c6 Rxa6 25. cxd7 Bc5+ 26. Kh1 Rb6 27. b4 Bxb4
28. Rb2 Bc5 29. Rxb5 Rxb5 30. Qxb5 Rd8 31. e4 fxe4 32. fxe4 dxe4 33. Bxe4 Qe5
34. Bg2 Qg7 35. Bh3 Qe5 36. Qa5 Qd5+ 37. Bg2 Qg5 38. Bh3 Qd5+ 1/2-1/2

[Event "Ct. Catalunya juvenil"]
[Site "?"]
[Date "2011.04.23"]
[Round "7"]
[White "Sanchez Urpi, O."]
[Black "Vazquez Kaufmann, D."]
[Result "0-1"]
[WhiteElo "1962"]
[BlackElo "1689"]
[PlyCount "69"]
[EventDate "2011.??.??"]
[EventType "swiss"]
[EventRounds "8"]

1. e4 e6 2. d4 d5 3. e5 c5 4. c3 Nc6 5. Nf3 Qb6 6. a3 c4 7. Nbd2 Na5 8. Be2 Bd7
9. O-O Be7 10. Ne1 Nh6 11. g3 Nf5 12. Ng2 Rc8 13. Ne3 Nxe3 14. fxe3 O-O 15. e4
Bc6 16. Bf3 Rcd8 17. exd5 Bxd5 18. Ne4 Bxe4 19. Bxe4 Nb3 20. Rb1 Nxd4 21. Kh1
Nb3 22. Qc2 g6 23. Bh6 f5 24. Bxf8 Bxf8 25. Rbd1 fxe4 26. Rxd8 Qxd8 27. Qf2 Qe7
28. Qxa7 Nc5 29. Qb6 e3 30. Qb5 e2 31. Re1 Qf7 32. Qxc4 Qf3+ 33. Kg1 Nd3 34.
Qxe6+ Kh8 35. Rxe2 0-1

[Event "Ct. Catalunya juvenil"]
[Site "?"]
[Date "2011.04.23"]
[Round "7"]
[White "Terrones Launes, X."]
[Black "Ventura Bolet, A."]
[Result "0-1"]
[WhiteElo "1557"]
[BlackElo "1740"]
[PlyCount "86"]
[EventDate "2011.??.??"]
[EventType "swiss"]
[EventRounds "8"]

1. d4 Nf6 2. c4 c5 3. e3 g6 4. Nf3 cxd4 5. exd4 d6 6. Be2 Bg7 7. O-O O-O 8. Bf4
Qb6 9. Qd2 Ne4 10. Qc2 Bxd4 11. Nxd4 Qxd4 12. Be3 Qe5 13. Nd2 Nxd2 14. Qxd2 Nc6
15. b4 f5 16. f3 f4 17. Bf2 Qg5 18. Kh1 Be6 19. Rae1 Ne5 20. Qd4 b6 21. c5 bxc5
22. bxc5 Rfd8 23. cxd6 exd6 24. Qb2 Nc4 25. Qb7 Ne3 26. Rg1 Bxa2 27. Rc1 Bd5
28. Qa6 Qe7 29. Bd3 Qb7 30. Qxb7 Bxb7 31. Rc7 Bd5 32. Ba6 Be6 33. Re7 Re8 34.
Rc7 d5 35. Rb1 Rab8 36. Rbc1 Rb2 37. Kg1 Ra2 38. Bb5 Rb8 39. Bd7 Bxd7 40. Rxd7
Rd2 41. Rxa7 d4 42. h3 d3 43. Rcc7 Rb1+ 0-1

[Event "Ct. Catalunya juvenil"]
[Site "?"]
[Date "2011.04.23"]
[Round "7"]
[White "Torres Morales, F."]
[Black "Vidal Zamora, A."]
[Result "0-1"]
[WhiteElo "1746"]
[BlackElo "2128"]
[PlyCount "74"]
[EventDate "2011.??.??"]
[EventType "swiss"]
[EventRounds "8"]

1. e4 c5 2. Nf3 e6 3. d4 cxd4 4. Nxd4 a6 5. c4 Nf6 6. Nc3 d6 7. Be3 Be7 8. Be2
Nbd7 9. O-O Qc7 10. Rc1 b6 11. f4 Bb7 12. Bf3 Rc8 13. b3 Qb8 14. g4 Nc5 15. Qc2
Qa8 16. Nde2 Nfxe4 17. Nxe4 Bxe4 18. Bxe4 Nxe4 19. Bxb6 h5 20. g5 d5 21. Qd3
dxc4 22. Rxc4 Rxc4 23. bxc4 O-O 24. Ng3 Nxg3 25. hxg3 Rb8 26. Be3 g6 27. Rd1
Qc6 28. Qd7 Qf3 29. Bf2 Rd8 30. Qxd8+ Bxd8 31. Rxd8+ Kh7 32. Bd4 Qxg3+ 33. Kh1
Qe1+ 34. Kh2 Qd2+ 35. Kh1 e5 36. fxe5 Qc1+ 37. Kh2 Qf4+ 0-1

[Event "Ct. Catalunya juvenil"]
[Site "?"]
[Date "2011.04.23"]
[Round "7"]
[White "Triadu Cassa, J."]
[Black "Martinez Ramirez, E."]
[Result "0-1"]
[WhiteElo "2042"]
[BlackElo "2173"]
[PlyCount "106"]
[EventDate "2011.??.??"]
[EventType "swiss"]
[EventRounds "8"]

1. e4 c5 2. Nf3 Nc6 3. d4 cxd4 4. Nxd4 g6 5. Nc3 Bg7 6. Nb3 Nf6 7. Be2 d6 8.
O-O O-O 9. Bg5 Be6 10. Kh1 Na5 11. Nd5 Bxd5 12. exd5 Rc8 13. c3 Nc4 14. Bxc4
Rxc4 15. Nd2 Rc7 16. Bxf6 exf6 17. Re1 Re8 18. Nf3 Rxe1+ 19. Qxe1 Re7 20. Qd2
Qa5 21. Kg1 Qa6 22. Nd4 Qc4 23. a3 Qxd5 24. Re1 Re5 25. f4 Bh6 26. g3 Rxe1+ 27.
Qxe1 Kf8 28. Qe2 a6 29. Qg4 Kg8 30. Qc8+ Bf8 31. Qd8 Kg7 32. Qd7 f5 33. Qc7 h5
34. Qd8 Qe4 35. Qb6 Be7 36. Kf2 h4 37. Nf3 Qc2+ 38. Kf1 Qe4 39. Kf2 d5 40. Qd4+
Bf6 41. Qb6 Qc2+ 42. Kf1 Qb1+ 43. Kf2 hxg3+ 44. hxg3 Bxc3 45. Qxb7 Qxb2+ 46.
Qxb2 Bxb2 47. a4 Kf6 48. Ke3 Ke7 49. Kd3 Bf6 50. Ne1 Kd6 51. Nc2 Kc5 52. Ne3
Bd4 53. Nc2 Bf2 0-1

[Event "Ct. Catalunya juvenil"]
[Site "?"]
[Date "2011.04.23"]
[Round "7"]
[White "Ventura Bolet, M."]
[Black "Corrales Adamuz, C."]
[Result "1-0"]
[WhiteElo "1987"]
[BlackElo "1883"]
[PlyCount "41"]
[EventDate "2011.??.??"]
[EventType "swiss"]
[EventRounds "8"]

1. c4 c5 2. g3 Nc6 3. Bg2 g6 4. Nc3 Bg7 5. a3 a5 6. Nf3 d6 7. d3 e5 8. Bd2 Nge7
9. h4 Bg4 10. Nh2 Bd7 11. h5 Nd4 12. h6 Bf8 13. Bg5 Bc6 14. Ng4 f5 15. Nf6+ Kf7
16. Nfd5 Ne6 17. Bf6 Rg8 18. g4 Nf4 19. Nxf4 Bxg2 20. Bxe7 Bxe7 21. Nxg2 1-0

[Event "Ct. Catalunya juvenil"]
[Site "?"]
[Date "2011.04.23"]
[Round "7"]
[White "Vives Jaume, O."]
[Black "Bals Hernandez, J."]
[Result "1/2-1/2"]
[WhiteElo "1867"]
[BlackElo "2061"]
[PlyCount "108"]
[EventDate "2011.??.??"]
[EventType "swiss"]
[EventRounds "8"]

1. d4 d5 2. c4 e6 3. Nc3 Be7 4. Nf3 Nf6 5. Bg5 h6 6. Bh4 O-O 7. e3 b6 8. cxd5
Nxd5 9. Bxe7 Qxe7 10. Rc1 Bb7 11. Bd3 c5 12. O-O Nd7 13. Qe2 cxd4 14. Nxd4 Nc5
15. Nxd5 Bxd5 16. Bb1 Rac8 17. e4 Bb7 18. Qe3 Rfd8 19. Rfd1 Qg5 20. Qxg5 hxg5
21. Nb5 Nxe4 22. Rxc8 Rxc8 23. f3 Nf6 24. Nxa7 Ra8 25. Nb5 Rc8 26. Nc3 Nd5 27.
Nxd5 Bxd5 28. Kf2 Kf8 29. a3 Ke7 30. Bd3 g6 31. Rd2 Kd6 32. Be4 f5 33. Bxd5
exd5 34. Ke3 Rc1 35. Kd3 b5 36. Re2 Rc8 37. Rc2 Re8 38. b3 Rh8 39. Ra2 Ra8 40.
g3 Kc5 41. a4 Kb4 42. Re2 bxa4 43. bxa4 Rxa4 44. Kd4 Ra3 45. Rb2+ Ka4 46. Rf2
Ra1 47. Kxd5 Re1 48. Kc4 Ka5 49. Kd3 Re8 50. Re2 Rd8+ 51. Ke3 Kb5 52. Rc2 Re8+
53. Kf2 Kb6 54. Rb2+ Ka5 1/2-1/2

[Event "Ct. Catalunya juvenil"]
[Site "?"]
[Date "2011.04.24"]
[Round "8"]
[White "Arno Bendicho, A."]
[Black "Vives Jaume, O."]
[Result "1/2-1/2"]
[WhiteElo "1908"]
[BlackElo "1867"]
[PlyCount "102"]
[EventDate "2011.??.??"]
[EventType "swiss"]
[EventRounds "8"]

1. d4 d5 2. Nf3 Nf6 3. Bf4 e6 4. e3 c5 5. c3 Nc6 6. Bd3 Be7 7. h3 b6 8. Bg5 Bb7
9. Qa4 a6 10. O-O h6 11. Bxf6 Bxf6 12. Nbd2 b5 13. Qd1 cxd4 14. cxd4 Na5 15.
Nb3 Nxb3 16. Qxb3 Qb6 17. Rfc1 O-O 18. Rc2 Rfc8 19. Rac1 Rxc2 20. Rxc2 Rc8 21.
Rxc8+ Bxc8 22. Qc3 Bb7 23. a3 Qc6 24. Qxc6 Bxc6 25. a4 bxa4 26. Bxa6 Kf8 27.
Kf1 Ke8 28. Ke2 Kd8 29. Ne5 Kc7 30. f3 Be8 31. Kd2 Kd6 32. Nd3 Bd8 33. Nf4 f6
34. Bd3 e5 35. Ne2 Ba5+ 36. Kd1 Bb6 37. Kc2 Ba5 38. g4 Bb6 39. Kc3 g6 40. Kc2
Ba5 41. Nc3 Bxc3 42. Kxc3 Kc6 43. Kc2 g5 44. Kc3 Kb6 45. Kb4 Bc6 46. Bf1 Bd7
47. Bd3 Be8 48. Be2 Bd7 49. Bd3 Bb5 50. Bc2 Bd7 51. Bxa4 Bb5 1/2-1/2

[Event "Ct. Catalunya juvenil"]
[Site "?"]
[Date "2011.04.24"]
[Round "8"]
[White "Bals Hernandez, J."]
[Black "Solani Nuñez, J."]
[Result "1-0"]
[WhiteElo "2061"]
[BlackElo "1886"]
[PlyCount "78"]
[EventDate "2011.??.??"]
[EventType "swiss"]
[EventRounds "8"]

1. d4 e5 2. dxe5 Nc6 3. Nf3 Qe7 4. Qd5 f6 5. exf6 Nxf6 6. Qd1 d6 7. e3 Bd7 8.
c4 O-O-O 9. Nc3 d5 10. cxd5 Be6 11. Bc4 Qb4 12. Qe2 Bxd5 13. Bxd5 Nxd5 14. O-O
Nxc3 15. bxc3 Qxc3 16. Bb2 Qa5 17. Qc4 Bd6 18. a4 Rhg8 19. Bc3 Qc5 20. Qg4+ Kb8
21. Rfc1 Qd5 22. e4 Qd3 23. e5 Bc5 24. h3 Qe2 25. Qg3 g5 26. Bd2 Be7 27. Be3 h5
28. Nxg5 Bxg5 29. Bxg5 Rd3 30. Qf4 Rd4 31. Qe3 Re4 32. Qxe2 Rxe2 33. Be3 Nxe5
34. Rc5 Re8 35. Kf1 Rb2 36. Bd4 Nd3 37. Rc3 Rd2 38. Be3 Rc2 39. Bd4 Rb2 1-0

[Event "Ct. Catalunya juvenil"]
[Site "?"]
[Date "2011.04.24"]
[Round "8"]
[White "Boldu Soto, R."]
[Black "Rodriguez Adell, A."]
[Result "1/2-1/2"]
[WhiteElo "1961"]
[BlackElo "2006"]
[PlyCount "69"]
[EventDate "2011.??.??"]
[EventType "swiss"]
[EventRounds "8"]

1. Nf3 Nf6 2. g3 d5 3. Bg2 e6 4. O-O Be7 5. d3 c5 6. Nbd2 Nc6 7. Re1 Qc7 8. e4
b6 9. Qe2 Bb7 10. Nf1 d4 11. e5 Nd7 12. Bf4 h6 13. h4 O-O-O 14. N1h2 Rdg8 15.
h5 g6 16. hxg6 fxg6 17. Bh3 Nf8 18. c3 g5 19. Bd2 h5 20. g4 Qd8 21. Rac1 Kb8
22. cxd4 hxg4 23. Bxg4 Nxd4 24. Nxd4 Qxd4 25. Rc4 Qd7 26. Bf3 Ng6 27. Bxb7 Qxb7
28. Re4 Nf4 29. Bxf4 gxf4+ 30. Ng4 Rh4 31. f3 Bd8 32. Qg2 Rgh8 33. Kf1 Qd5 34.
Kg1 Qb7 35. Kf2 1/2-1/2

[Event "Ct. Catalunya juvenil"]
[Site "?"]
[Date "2011.04.24"]
[Round "8"]
[White "Cano Egea, JM."]
[Black "Arno Bendicho, X."]
[Result "0-1"]
[WhiteElo "1440"]
[BlackElo "1630"]
[PlyCount "84"]
[EventDate "2011.??.??"]
[EventType "swiss"]
[EventRounds "8"]

1. e4 d5 2. exd5 Qxd5 3. Nc3 Qa5 4. d4 c6 5. Nf3 Nf6 6. Be2 Bf5 7. O-O e6 8.
Bd2 Nbd7 9. Re1 Qd8 10. Bc4 Bd6 11. h3 O-O 12. Bg5 h6 13. Bh4 Qc7 14. Bxf6 Nxf6
15. Bd3 Bxd3 16. Qxd3 Rad8 17. Rad1 Rfe8 18. Qc4 Qa5 19. a3 Bb8 20. Qb3 Qc7 21.
Na4 Nd7 22. g3 b6 23. Kg2 Nf6 24. Nc3 g5 25. Ne4 Nh7 26. Qe3 Kh8 27. Qc3 Rd5
28. Ne5 Rc8 29. Qf3 f5 30. Nc3 Qg7 31. Nxd5 cxd5 32. c3 Nf6 33. Qe2 f4 34. Qd3
fxg3 35. Qg6 Rf8 36. Qxg7+ Kxg7 37. fxg3 Ne4 38. Nd7 Rf2+ 39. Kg1 Bxg3 40. Rxe4
dxe4 41. Re1 Rf7 42. Re3 Bf2+ 0-1

[Event "Ct. Catalunya juvenil"]
[Site "?"]
[Date "2011.04.24"]
[Round "8"]
[White "Cervello Tost, R."]
[Black "Vidal Zamora, C."]
[Result "1-0"]
[WhiteElo "1661"]
[BlackElo "1691"]
[PlyCount "126"]
[EventDate "2011.??.??"]
[EventType "swiss"]
[EventRounds "8"]

1. e4 e5 2. Nf3 Nc6 3. d4 exd4 4. Bc4 h6 5. Nxd4 Qf6 6. c3 Bc5 7. Be3 Nge7 8.
O-O O-O 9. f4 d6 10. Kh1 Be6 11. Nxe6 fxe6 12. Bxc5 dxc5 13. Qd7 Rad8 14. Qxe6+
Qxe6 15. Bxe6+ Kh8 16. g3 Ng6 17. Bd5 Nce7 18. Rd1 Nxd5 19. exd5 b5 20. Na3 a6
21. Kg2 Ne7 22. c4 bxc4 23. Nxc4 Nxd5 24. Kf2 g5 25. Ne3 c6 26. Nxd5 cxd5 27.
Kf3 Rd6 28. Rac1 c4 29. Rxc4 Rb6 30. Rc2 gxf4 31. gxf4 Rb4 32. Rxd5 Rfxf4+ 33.
Ke3 Rbe4+ 34. Kd3 Re8 35. Rd6 Rf3+ 36. Kd4 Rf4+ 37. Kc5 Kg7 38. Rxa6 Re5+ 39.
Kd6 Ref5 40. Ra7+ Kg6 41. Re7 Rd4+ 42. Kc6 Ra4 43. a3 Ra6+ 44. Kd7 Rd5+ 45. Kc8
Rb5 46. Rb7 Re5 47. Rbc7 Ra8+ 48. Kb7 Raa5 49. R7c6+ Kg7 50. Kc7 Ra7+ 51. Kd6
Rae7 52. Rc7 R5e6+ 53. Kd5 Re5+ 54. Kc6 Rxc7+ 55. Kxc7 Kf8 56. Rc6 h5 57. b4
Re3 58. a4 Rb3 59. Rc4 Rb2 60. Rh4 Ke7 61. a5 Rb1 62. Rc4 Rb2 63. h4 Kf7 1-0

[Event "Ct. Catalunya juvenil"]
[Site "?"]
[Date "2011.04.24"]
[Round "8"]
[White "Coll Ortega, J."]
[Black "Colon Garcia, E."]
[Result "1-0"]
[WhiteElo "2283"]
[BlackElo "2288"]
[PlyCount "111"]
[EventDate "2011.??.??"]
[EventType "swiss"]
[EventRounds "8"]

1. d4 Nf6 2. c4 e6 3. Nf3 b6 4. g3 Ba6 5. Qa4 Bb7 6. Bg2 Be7 7. O-O O-O 8. Nc3
d6 9. Rd1 Nbd7 10. b4 a5 11. b5 Ne4 12. Nxe4 Bxe4 13. Ba3 f5 14. Rac1 Qe8 15.
Qb3 Qf7 16. Nd2 Bxg2 17. Kxg2 e5 18. dxe5 Nxe5 19. Nf3 Bf6 20. Bb2 Nd7 21. Bxf6
Nc5 22. Qb2 Qxf6 23. Qxf6 Rxf6 24. Nd4 Re8 25. e3 g5 26. Ne2 Re4 27. Nc3 Re8
28. Nd5 Rf7 29. h3 Ne4 30. f3 Nf6 31. Rd3 Nxd5 32. cxd5 f4 33. e4 Kg7 34. Rdc3
Ree7 35. h4 h6 36. gxf4 gxf4 37. Kh3 Kf6 38. Rg1 Rg7 39. Rg4 Ke5 40. Rc1 Kd4
41. Rcg1 h5 42. Rg5 Rxg5 43. hxg5 Ke3 44. g6 Rg7 45. Kh4 Kxf3 46. Kxh5 Kf2 47.
Rc1 f3 48. Kh6 Re7 49. g7 Re8 50. Kh7 Rxe4 51. Rh1 Kg2 52. g8=Q+ Kxh1 53. Qg3
Re7+ 54. Kg8 Re3 55. Qf2 Ra3 56. Kf7 1-0

[Event "Ct. Catalunya juvenil"]
[Site "?"]
[Date "2011.04.24"]
[Round "8"]
[White "Corrales Adamuz, C."]
[Black "Torres Morales, F."]
[Result "1/2-1/2"]
[WhiteElo "1883"]
[BlackElo "1746"]
[PlyCount "63"]
[EventDate "2011.??.??"]
[EventType "swiss"]
[EventRounds "8"]

1. c4 c5 2. Nc3 g6 3. g3 Bg7 4. Bg2 Nc6 5. e3 e5 6. Nge2 Nge7 7. a3 O-O 8. O-O
d6 9. Rb1 a5 10. b3 Be6 11. Bb2 d5 12. cxd5 Nxd5 13. Nb5 Nc7 14. Nec3 Nxb5 15.
Nxb5 c4 16. b4 axb4 17. axb4 Nxb4 18. Ba3 Rxa3 19. Nxa3 Qa5 20. Nc2 Nxc2 21.
Qxc2 b5 22. Ra1 Qb6 23. d3 cxd3 24. Qc6 Qxc6 25. Bxc6 Bc4 26. Rab1 d2 27. Rfd1
Bd3 28. Rb2 e4 29. Rbxd2 Rb8 30. Rxd3 exd3 31. Rxd3 b4 32. Bd5 1/2-1/2